It looks like you're offline.
Open Library logo
additional options menu

MARC record from Internet Archive

LEADER: 01261cam 2200325 a 4500
001 ocm13581630
003 OCoLC
005 20200921001149.0
008 860502m19861987moua 000 0 eng
010 $a 86012913
040 $aDLC$beng$cDLC$dOCLCQ$dBTCTA$dOCLCO$dOCLCA$dOCLCQ$dOCLCA$dOCLCF$dOCLCQ
020 $a0570044383$q(pbk. ;$qv. 1)
020 $a9780570044383$q(pbk. ;$qv. 1)
035 $a(OCoLC)13581630
050 0 $aBS1193$b.S79 1986
082 0 $a242/.5$219
100 1 $aStarr, Frank.
245 10 $aLight for the way.$pOld Testament :$bdaily Bible reading guide /$cFrank Starr.
260 $aSt. Louis, Mo. :$bConcordia,$c©1986-©1987.
300 $a4 volumes :$billustrations ;$c23 cm
336 $atext$btxt$2rdacontent
337 $aunmediated$bn$2rdamedia
338 $avolume$bnc$2rdacarrier
505 0 $abk. 1. Genesis through Ruth -- bk. 2. 1 Samuel through Job -- bk. 3. Psalms through Isaiah -- bk. 4. Jeremiah through Malachi.
630 00 $aBible.$pOld Testament$xReading.
630 07 $aBible.$pOld Testament.$2fast$0(OCoLC)fst01808092
650 7 $aReading.$2fast$0(OCoLC)fst01090626
938 $aBaker and Taylor$bBTCP$n86012913 //r882$c$2.95 (per vol.)
994 $aZ0$bP4A
948 $hNO HOLDINGS IN P4A - 20 OTHER HOLDINGS